Anglicko-slovenský a slovensko-anglický slovník termínov a ustálených spojení Ekonomickej univerzity
Dôvody vzniku slovníka tohto typu - preklady propagačných materiálov Ekonomickej univerzity, požiadavky študentov. Problémy pri zostavovaní slovníka. Práca so slovníkom.
Guardado en:
| Autor principal: | |
|---|---|
| Formato: | Capítulo de libro |
| Lenguaje: | eslovaco |
| Materias: | |
| Etiquetas: |
Sin Etiquetas, Sea el primero en etiquetar este registro!
|
MARC
| LEADER | 00000naa$a2200000$$$4500 | ||
|---|---|---|---|
| 001 | 0051077 | ||
| 005 | 20240502071607.7 | ||
| 041 | 0 | |a slo | |
| 044 | |a SK | ||
| 245 | 1 | 0 | |a Anglicko-slovenský a slovensko-anglický slovník termínov a ustálených spojení Ekonomickej univerzity |c Milada Pauelová |
| 520 | |a Dôvody vzniku slovníka tohto typu - preklady propagačných materiálov Ekonomickej univerzity, požiadavky študentov. Problémy pri zostavovaní slovníka. Práca so slovníkom. | ||
| 610 | 2 | 0 | |a slovníky |
| 610 | 2 | 0 | |a angličtina |
| 610 | 2 | 0 | |a terminológia |
| 610 | 2 | 0 | |a Ekonomická univerzita v Bratislave |
| 100 | 1 | |a Pauleová, Milada | |